| 000 | 00370pab a2200157 454500 | ||
|---|---|---|---|
| 008 | 180718b2015 xxu||||| |||| 00| 0 eng d | ||
| 100 | _aBansal, Alok | ||
| 245 | _aDeffence as driver of foreign relations | ||
| 260 | _c2015 | ||
| 300 | _ap.31-34. | ||
| 362 | _aJul | ||
| 650 | _aInternational relations | ||
| 650 | _aDefence | ||
| 773 | _aYojana | ||
| 909 | _a108254 | ||
| 999 |
_c108249 _d108249 |
||